E-commerce 2018 : business, technology, society

Main Author: Laudon, Kenneth C
Other Authors: Traver, Carol Guercio
Edition: Fourteenth edition.
Subjects:
Online Access: http://library.unisel.edu.my/web/guest/mylibrary
LEADER 00928cam a2200265 7i4500
001 0000066113
005 20220207090000.0
020 |a 9780134839516  
090 0 0 |a HF5548.32   |b .L38 2017 
100 1 |a Laudon, Kenneth C  
245 1 0 |a E-commerce 2018 :   |b business, technology, society   |c Kenneth C. Laudon, Carol Guercio Traver. 
250 |a Fourteenth edition. 
264 |a Boston:   |b Pearson,   |c 2017. 
300 |a 1 online resource (1 volume, various paging):   |b text file, PDF. 
336 |a text  |2 rdacontent 
337 |a computer  |2 rdamedia 
338 |a online resource  |2 rdacarrier 
650 0 0 |a Electronic commerce  
650 0 0 |a Internet marketing  
655 0 0 |a Electronic books 
700 1 |a Traver, Carol Guercio  
856 4 2 |u http://library.unisel.edu.my/web/guest/mylibrary 
997 |a Business & Accountancy, Faculty 
998 |a Business Management, Degree 
999 |a EBO0010836  |b EBOOK  |c EBOOK  |e Electronic resources